| 000 | 01198cam a22002175a 4500 | ||
|---|---|---|---|
| 001 | L149362 | ||
| 008 | 100224e2010 xxk 000 0 eng d | ||
| 035 | _a(Sirsi) u149362 | ||
| 041 | 0 | _aeng | |
| 110 | 2 |
_aEuroProperty _91216 |
|
| 245 | 0 | 0 |
_aSurvey _bBenelux |
| 260 | _c2010 | ||
| 490 |
_aEuroProperty _v1 February 2010,21-25(5) |
||
| 520 | _aLower valuations have not triggered an influx of distressed sales in the Dutch commercial property market and many forecast yields falling for prime Dutch office assets. Dutch banks are not responsible for the moribund state of the Netherlands property market, rather sellers' price expectations remain high. Brussels office market stays weak with an official 11% vacancy rate and waning public sector demand. Investors have sought refuge in retail in the face of occupier uncertainty in the office sector. Luxembourg's office market will continue to be tough for the next 12 months but the outlook for commercial real estate investment is brightening. | ||
| 590 | _aKA | ||
| 651 | 4 | _aBelgium | |
| 651 | 4 | _aNetherlands | |
| 651 | 4 | _aLuxembourg | |
| 690 | _aPROPERTY-COMMERCIAL PROPERTY-COMMERCIAL PROPERTY FINANCE AND INVESTMENT | ||
| 942 | _n0 | ||
| 999 |
_c82157 _d82157 |
||